| 000 | 00716nam a22002537a 4500 | ||
|---|---|---|---|
| 001 | 0011833 | ||
| 003 | DO-SdBNP | ||
| 005 | 20161128102131.0 | ||
| 007 | 0011833 | ||
| 008 | 161128b 1993 sp||||| |||| 00| 0 spa d | ||
| 020 | _a9788434827127 | ||
| 040 |
_aBPMSU _bspa _cBPMSU |
||
| 082 |
_axxxxxxxxx _bxxxxxxxxx |
||
| 100 | 1 | _aTerán, Rocío de | |
| 245 | 1 | 0 |
_aNuevas aventuras de un mifense / _cRocío de Terán ; ilustración Margarita Puncel |
| 250 | _a4a ed. | ||
| 260 |
_aMadrid : _bS. M., _c1993. |
||
| 300 |
_a139 p. : _bil., _c19 cm. |
||
| 490 | 1 |
_aBarco de vapor _v55 |
|
| 700 | 1 |
_aPuncel, Margarita, _eil. |
|
| 830 | 0 |
_aBarco de vapor _v55 |
|
| 942 |
_2ddc _cBK |
||
| 956 |
_aBTAVÁREZ _b10 _c20161128 _d0011833 |
||
| 999 |
_c12122 _d12122 |
||